| 000 | 00561nam a22001697a 4500 | ||
|---|---|---|---|
| 008 | 160125b xxu||||| |||| 00| 0 eng d | ||
| 020 | _a0618230270 | ||
| 082 |
_22006 _aDK12 420.7 _bF671 |
||
| 100 |
_92266 _aFolse, Keith S. |
||
| 245 |
_aCollege vocabulary 3/ _cKeith S. Folse and Marcella Farina. |
||
| 260 |
_aBoston : _bHoughton Mifflin, _cc2006 |
||
| 300 |
_avi, 93 pages : _c23 cm. |
||
| 440 |
_92267 _aHoughton Mifflin English for Academic Success, 3 |
||
| 650 | 0 |
_92226 _aEnglish as a second language |
|
| 650 | 0 |
_92227 _aEnglish language |
|
| 942 |
_2ddc _cDC |
||
| 999 |
_c836 _d836 |
||